00408nam a2200121Ia 4500008004100000100002100041245010800062245003900170260000900209300001000218650001300228856004500241170221s9999 xx 000 0 und d aMichael Gaffikin 4aThe Moral Reasoning of Public Accountants in the Development of a Code of Ethics: the Case of Indonesia cMichael Gaffikin and ASL Lindawati c2015 a4 : 1 xBusiness uhttp://ro.uow.edu.au/aabfj/vol6/iss1/10/